[Event "III Open Amatori"]
[Site "Arvier ITA"]
[Date "2013.01.05"]
[Round "6"]
[White "Ljubisavljevic, Zivojin Z."]
[Black "Marguerettaz, Davy"]
[WhiteElo "2250"]
[BlackElo "2199"]
[Result "1/2-1/2"]
[PlyCount "20"]
[EventDate "2013.01.02"]

1. Nf3 d5 2. g3 Nf6 3. Bg2 c6 4. O-O Bg4 5. c3 Nbd7 6. d4 e6 7. Qb3 Qb6 8. h3
Bh5 9. Bf4 Be7 10. g4 Bg6 1/2-1/2

[Event "III Open Amatori"]
[Site "Arvier ITA"]
[Date "2013.01.05"]
[Round "6"]
[White "Pierantoni, Mauro"]
[Black "Piazza, Giacomo"]
[WhiteElo "1810"]
[BlackElo "1608"]
[Result "1-0"]
[PlyCount "51"]
[EventDate "2013.01.02"]

1. e4 b6 2. d4 Bb7 3. Bd3 e6 4. c4 Nc6 5. Ne2 Nb4 6. Nbc3 Nxd3+ 7. Qxd3 Be7 8.
O-O d6 9. Qg3 g6 10. Be3 Nf6 11. f3 h5 12. d5 e5 13. f4 h4 14. Qf3 Bc8 15. f5
Rg8 16. Bg5 gxf5 17. Bxf6 Bxf6 18. exf5 Rg5 19. Qh3 Kd7 20. Ne4 Rg7 21. N2c3 a6
22. Nxf6+ Qxf6 23. Ne4 Qh6 24. f6+ Kd8 25. fxg7 Bxh3 26. g8=Q+ 1-0

[Event "III Open Amatori"]
[Site "Arvier ITA"]
[Date "2013.01.05"]
[Round "6"]
[White "Serrajotto, Marino"]
[Black "Belabbas, Abdellah"]
[WhiteElo "1866"]
[BlackElo "1860"]
[Result "1-0"]
[PlyCount "65"]
[EventDate "2013.01.02"]

1. e4 e6 2. b3 c5 3. Bb2 Nc6 4. Nf3 d5 5. exd5 exd5 6. Bb5 a6 7. Bxc6+ bxc6 8.
O-O Nf6 9. Re1+ Be7 10. Ne5 Qc7 11. d3 O-O 12. Nf3 Bg4 13. Nbd2 Rae8 14. h3 Bh5
15. Be5 Bd6 16. Bxf6 gxf6 17. Re2 Be5 18. Rb1 Bc3 19. g4 Bg6 20. Qf1 h5 21.
Rbe1 Rxe2 22. Rxe2 hxg4 23. hxg4 Kg7 24. Qg2 Rh8 25. Nf1 Qf4 26. N3h2 Qc1 27.
Nf3 Qd1 28. Re3 Qxc2 29. Ng3 Bxd3 30. Nf5+ Kf8 31. Qg3 Qd1+ 32. Re1 Bxe1 33.
Qb8# 1-0

[Event "III Open Amatori"]
[Site "Arvier ITA"]
[Date "2013.01.06"]
[Round "7"]
[White "Belabbas, Abdellah"]
[Black "Bogatto, Mario"]
[WhiteElo "1860"]
[BlackElo "1430"]
[Result "1-0"]
[PlyCount "51"]
[EventDate "2013.01.02"]

1. d4 d5 2. Nc3 c6 3. e4 dxe4 4. Be3 Nf6 5. f3 exf3 6. Nxf3 Bg4 7. Bc4 e6 8. h3
Bxf3 9. Qxf3 Be7 10. O-O O-O 11. Bd3 Kh8 12. Ne4 Nxe4 13. Qxe4 g6 14. Bh6 f5
15. Qxe6 Rf6 16. Qe3 Bf8 17. Bg5 Nd7 18. Rae1 Bg7 19. c3 Qf8 20. Bxf6 Nxf6 21.
Qe7 Rb8 22. Re6 Qxe7 23. Rxe7 Kg8 24. Rfe1 Kf8 25. Bc4 Nd5 26. Rd7 1-0

[Event "III Open Amatori"]
[Site "Arvier ITA"]
[Date "2013.01.06"]
[Round "7"]
[White "Brioschi, Camillo"]
[Black "Bianchi, Simone"]
[WhiteElo "1800"]
[BlackElo "1600"]
[Result "0-1"]
[PlyCount "116"]
[EventDate "2013.01.02"]

1. d4 d5 2. c4 e6 3. Nc3 Nf6 4. Bg5 Nbd7 5. cxd5 exd5 6. e3 c6 7. Qc2 Be7 8.
Bd3 O-O 9. Nf3 Re8 10. O-O Nf8 11. h3 h6 12. Bf4 Nh5 13. Bh2 Ne6 14. Bh7+ Kf8
15. Ne5 Ng5 16. Bd3 Nf6 17. a3 Bd6 18. b4 Bxe5 19. Bxe5 Nfe4 20. Nxe4 dxe4 21.
Qc5+ Kg8 22. Be2 Bd7 23. Bg3 Qf6 24. Qd6 Be6 25. h4 Nh7 26. Qe5 Bd5 27. Qxf6
Nxf6 28. Rac1 b5 29. Be5 Nd7 30. Bf4 a5 31. Bd6 axb4 32. Bxb4 Nb6 33. Bg4 Nc4
34. Ra1 Ra6 35. Be2 Nb6 36. Bc5 Na4 37. Bb4 f5 38. Rac1 g5 39. hxg5 hxg5 40.
Bh5 Re6 41. g4 f4 42. Kg2 f3+ 43. Kg3 Kg7 44. Ra1 Ra8 45. Rh1 Rd8 46. Rh2 Rh8
47. Rah1 Reh6 48. Bd6 Rd8 49. Be5+ Kf8 50. Rh3 Nc3 51. Bc7 Rd7 52. Bb6 Ne2+ 53.
Kh2 Rdh7 54. Bd8 Rg7 55. Rb1 Bc4 56. Rb2 Nc3 57. Kg3 Na4 58. Rb4 Rd7 0-1

[Event "III Open Amatori"]
[Site "Arvier ITA"]
[Date "2013.01.06"]
[Round "7"]
[White "Cattaneo, Roger"]
[Black "Pierantoni, Mauro"]
[WhiteElo "1821"]
[BlackElo "1810"]
[Result "1-0"]
[PlyCount "37"]
[EventDate "2013.01.02"]

1. e4 e6 2. Nf3 d5 3. exd5 exd5 4. d4 Nf6 5. Bf4 Bd6 6. Bg3 Bg4 7. Be2 O-O 8.
Nbd2 Re8 9. O-O Bxg3 10. hxg3 Ne4 11. Re1 Nc6 12. c3 a6 13. Bd3 f5 14. Qc2 Bxf3
15. gxf3 Nxd2 16. Qxd2 Qf6 17. Qf4 Re7 18. Rxe7 Qxe7 19. Qxf5 1-0

[Event "III Open Amatori"]
[Site "Arvier ITA"]
[Date "2013.01.06"]
[Round "7"]
[White "Marguerettaz, Davy"]
[Black "Yeuillaz, Corrado"]
[WhiteElo "2199"]
[BlackElo "2239"]
[Result "1/2-1/2"]
[PlyCount "73"]
[EventDate "2013.01.02"]

1. d4 Nf6 2. c4 g6 3. Nc3 Bg7 4. e4 d6 5. Nf3 O-O 6. Be2 e5 7. O-O Nc6 8. d5
Ne7 9. Ne1 Nd7 10. Be3 f5 11. f3 f4 12. Bf2 g5 13. a4 a5 14. Nd3 Ng6 15. c5
dxc5 16. Nxc5 Nxc5 17. Bxc5 Rf6 18. Qb3 Kh8 19. Rac1 Nf8 20. Nb5 Nd7 21. Bf2 c6
22. Na7 c5 23. Nxc8 Rxc8 24. Bb5 b6 25. d6 Rxd6 26. Rfd1 Nb8 27. Rxd6 Qxd6 28.
Rd1 Qe7 29. Qd5 Bf6 30. Be1 Rd8 31. Qxd8+ Qxd8 32. Rxd8+ Bxd8 33. Bc3 Bf6 34.
Kf1 Kg7 35. Ke2 Kf7 36. Kd3 Ke7 37. Kc4 1/2-1/2

[Event "III Open Amatori"]
[Site "Arvier ITA"]
[Date "2013.01.06"]
[Round "7"]
[White "Piazza, Giacomo"]
[Black "Gennaro, Isabella"]
[WhiteElo "1608"]
[BlackElo "1658"]
[Result "0-1"]
[PlyCount "82"]
[EventDate "2013.01.02"]

1. Nf3 d5 2. e3 c5 3. b3 Nc6 4. Bb2 e6 5. d3 Nf6 6. a3 Be7 7. Be2 O-O 8. O-O a6
9. Nbd2 b5 10. c4 b4 11. a4 Bb7 12. d4 Re8 13. Qc2 Qb6 14. dxc5 Qxc5 15. Nd4
Rac8 16. Rac1 dxc4 17. Qb1 c3 18. N2f3 Red8 19. Ba1 e5 20. Nf5 Rd7 21. Bc4 Na5
22. Bxc3 bxc3 23. Rxc3 Nxc4 24. Rxc4 Qd5 25. Rh4 Bf8 26. Rh3 Ne4 27. Ne1 g6 28.
Ng3 Nd2 29. Nh5 Bg7 30. Qb2 Nxf1 31. Nxg7 Kxg7 32. Kxf1 Rcd8 33. Rg3 a5 34. f4
Ba6+ 35. Kg1 f6 36. f5 Qd2 37. Qb1 Bd3 38. Nxd3 Qxd3 39. Qe1 Qxf5 40. Rf3 Qxf3
41. gxf3 Rd1 0-1

[Event "III Open Amatori"]
[Site "Arvier ITA"]
[Date "2013.01.06"]
[Round "7"]
[White "Tedesco, Fernando"]
[Black "Doromeychuk, Anton"]
[WhiteElo "1798"]
[BlackElo "1774"]
[Result "0-1"]
[PlyCount "82"]
[EventDate "2013.01.02"]

1. e4 d6 2. Nf3 Nf6 3. Nc3 g6 4. d3 Bg7 5. Bd2 c5 6. Qc1 Qb6 7. Be2 Nc6 8. O-O
O-O 9. Rb1 Bg4 10. Ne1 Be6 11. Nf3 Rfd8 12. a3 Rac8 13. h3 a6 14. b3 Qc7 15.
Nd1 d5 16. Bf4 Qb6 17. e5 Nd7 18. Ng5 Nd4 19. Re1 Nxe5 20. Nxe6 fxe6 21. Bxe5
Bxe5 22. Bg4 Qd6 23. c3 Nf5 24. Bxf5 exf5 25. Qe3 Bf6 26. Qe6+ Kg7 27. c4 dxc4
28. Qxd6 Rxd6 29. dxc4 Rd2 30. Ne3 Bd4 31. Kf1 f4 32. Re2 Bxe3 33. Rxe3 Kf6 34.
Rbe1 Rc6 35. R3e2 Rcd6 36. Rxd2 Rxd2 37. Re2 Rd1+ 38. Re1 Rxe1+ 39. Kxe1 Ke5
40. Kd2 Kd4 41. a4 e5 0-1

[Event "III Open Amatori"]
[Site "Arvier ITA"]
[Date "2013.01.06"]
[Round "7"]
[White "Triglia, Guglielmo"]
[Black "Lyabel, Giacomo"]
[WhiteElo "1413"]
[BlackElo "1449"]
[Result "1-0"]
[PlyCount "91"]
[EventDate "2013.01.02"]

1. e4 e5 2. Nf3 Nc6 3. Nc3 Bc5 4. Nxe5 Nxe5 5. d4 Bxd4 6. Qxd4 d6 7. Bf4 Qf6 8.
Bxe5 Qxe5 9. Qxe5+ dxe5 10. Nd5 Kd8 11. O-O-O Bd7 12. Bc4 f6 13. f4 c6 14. Nb4
Ke7 15. fxe5 fxe5 16. Rd2 Nf6 17. Rhd1 b6 18. Be2 Rad8 19. Bf3 h5 20. h3 a5 21.
Na6 g5 22. b4 a4 23. Nc5 Bc8 24. Rxd8 Rxd8 25. Rxd8 Kxd8 26. Nd3 g4 27. hxg4
hxg4 28. Be2 Kc7 29. Nxe5 Nxe4 30. Bxg4 Bxg4 31. Nxg4 Kd7 32. Kd1 Ke6 33. Ke2
Nc3+ 34. Kd2 Nd5 35. a3 Kf5 36. Ne3+ Nxe3 37. Kxe3 Kf6 38. Kf4 Ke6 39. g4 Kf7
40. Kf5 Ke8 41. Kf6 Kf8 42. g5 Ke8 43. g6 Kf8 44. c3 Kg8 45. g7 Kh7 46. Kf7 1-0